000 01345nam a22003977a 4500
001 1559809
003 OSt
005 20210426120838.0
008 920514s1992 nyua 001 0 eng
010 _a 92018874
020 _a0385426151 (trade) :
_c$22.50 ($27.50 Can.)
020 _a0385468474 (trade)
020 _a0385468601 (trade)
020 _a038542616X (limited)
040 _aDLC
_cDLC
_dDLC
043 _an-us---
050 0 0 _aHC102.5.W35
_bA3 1992
080 _a92
_bW-21
082 0 0 _a381/.149/092
_aB
_220
100 1 _aWalton, Sam,
_d1918-1992.
245 1 0 _aSam Walton, made in America :
_bmy story /
_cby Sam Walton with John Huey.
250 _a1st ed.
260 _aNew York :
_bDoubleday,
_c1992.
300 _axiii, 269 p. :
_bill. (some col.) ;
_c25 cm.
500 _aIncludes index.
600 1 0 _aWalton, Sam,
_d1918-1992.
610 2 0 _aWal-Mart (Firm)
_xHistory.
650 0 _aBusinesspeople
_zUnited States
_vBiography.
650 0 _aMillionaires
_zUnited States
_vBiography.
650 0 _aDiscount houses (Retail trade)
_zUnited States
_xHistory.
653 _aბიოგრაფია
700 1 _aHuey, John.
906 _a7
_bcbc
_corignew
_d1
_eocip
_f19
_gy-gencatlg
942 _2udc
_cBK
999 _c1164
_d1164